Star Academy - Candidats de la saison 10 (2022) par image - Statistiques

Statistiques générales
  • Ce quiz a été pris 440 fois
  • Le résultat moyen est 11 sur 13
Statistiques - réponses
Par images Réponse % Correct
Louis
97%
Enola
95%
Anisha
94%
Léa
93%
Tiana
90%
Julien
87%
Carla
85%
Stanislas
83%
Paola
79%
Cenzo
77%
Ahcène
72%
Chris
71%
Amisse
64%
Aucun quiz correspondant
Distribution des résultats
% des personnes avec chaque résultat
Percentile par nombre de réponses
Votre historique - résultats
Vous n’avez pas pris ce quiz